100 nuevas experiencias de aprendizaje: manual. Módulos de experiencias de aprendizaje, Segundo ciclo, Educación Parvularia

Saved in:
Bibliografiske detaljer
Corporate Authors: Fundación Integra (Author), Dirección de Estudios y Programas (Author)
Format: Bog
Sprog:spansk
Udgivet: Santiago Fundación Integra 2005
Fag:
Tags: Tilføj Tag
Ingen Tags, Vær først til at tagge denne postø!

MARC

LEADER 00000cam a2200000 a 4500
001 UCK7776
003 CL-VaPUC
008 051209e20050000CL |||||||||||||||||spa|d
082 0 4 |a 372.21  |b FUN  |2 21 
110 2 |a Fundación Integra  |e author  |9 497392 
710 2 |a Dirección de Estudios y Programas  |e author  |9 497393 
245 1 0 |a 100 nuevas experiencias de aprendizaje: manual. Módulos de experiencias de aprendizaje, Segundo ciclo, Educación Parvularia 
300 |a 331 p 
942 |c BK 
945 |d 20051209 00:00:00  |a jtorresc 
260 |a Santiago  |b Fundación Integra  |c 2005 
650 0 |a Educación preescolar  |9 260381 
650 7 |a ORIENTACION EDUCACIONAL  |2 CL-VaPUC  |9 312512 
650 0 |a Creatividad   |9 310816 
650 0 |a Psicolingüística   |9 283371 
650 0 |a Niños  |9 255605 
583 |a last modification  |c 20140121 07:50:41  |k Rodrigo Vera 
999 |c 315623  |d 315621 
952 |0 0  |1 0  |4 0  |6 372_210000000000000_FUN_2005  |7 0  |8 A  |9 389139  |a BIBEDU  |b BIBEDU  |d 2019-11-22  |h v.2  |i 4939603  |o 372.21 FUN 2005  |p 4939603  |r 2019-11-22  |w 2019-11-22  |y BK  |k EPE 
952 |0 0  |1 0  |4 0  |6 372_210000000000000_FUN_2005  |7 0  |8 A  |9 389140  |a BIBEDU  |b BIBEDU  |d 2019-11-22  |h v.2  |i 4939611  |o 372.21 FUN 2005  |p 4939611  |r 2019-11-22  |w 2019-11-22  |y BK  |k EPE 
952 |0 0  |1 0  |4 0  |6 372_210000000000000_FUN_2005  |7 0  |8 A  |9 389141  |a BIBEDU  |b BIBEDU  |d 2019-11-22  |h v.2  |i 493962K  |o 372.21 FUN 2005  |p 493962K  |r 2019-11-22  |w 2019-11-22  |y BK  |k EPE 
952 |0 0  |1 0  |4 0  |6 372_210000000000000_FUN_2005  |7 0  |8 A  |9 389142  |a BIBEDU  |b BIBEDU  |c ES_NOD  |d 2019-11-22  |h v.2  |i 4939638  |o 372.21 FUN 2005  |p 4939638  |r 2023-08-09  |w 2019-11-22  |y BK  |k EPE 
952 |0 0  |1 0  |4 0  |6 372_210000000000000_FUN_2005  |7 0  |8 A  |9 389143  |a BIBEDU  |b BIBEDU  |d 2019-11-22  |h v.2  |i 4939646  |o 372.21 FUN 2005  |p 4939646  |r 2019-11-22  |w 2019-11-22  |y BK  |k EPE 
952 |0 0  |1 0  |4 0  |6 372_210000000000000_FUN_2005  |7 0  |8 A  |9 389144  |a BIBEDU  |b BIBEDU  |d 2019-11-22  |h v.2  |i 4939654  |o 372.21 FUN 2005  |p 4939654  |r 2019-11-22  |w 2019-11-22  |y BK  |k EPE 
952 |0 0  |1 0  |4 0  |6 372_210000000000000_FUN_2005  |7 0  |8 A  |9 389145  |a BIBEDU  |b BIBEDU  |c ES_NOD  |d 2019-11-22  |h v.2  |i 4939662  |o 372.21 FUN 2005  |p 4939662  |r 2023-08-09  |w 2019-11-22  |y BK  |k EPE